90s Rap Albums - Statistics

General Stats
  • This quiz has been taken 582 times
  • The average score is 7 of 16
Answer Stats
Album Artist % Correct
All Eyez on Me 2Pac
96%
Doggystyle Snoop Dogg
96%
The Chronic Dr. Dre
86%
Life After Death The Notorious B.I.G.
83%
Illmatic Nas
81%
ATLiens Outkast
60%
It's Dark and Hell is Hot DMX
43%
The Low End Theory A Tribe Called Quest
39%
The Score The Fugees
33%
Supa Dupa Fly Missy Elliott
28%
93 ’til Infinity Souls of Mischief
25%
E. 1999 Eternal Bone Thugs-N-Harmony
22%
When Disaster Stikes... Busta Rhymes
17%
Things Fall Apart The Roots
15%
Ridin Dirty UGK
12%
Hard Core Lil Kim
11%
No matching quizzes found
Score Distribution
Percent of People with Each Score
Percentile by Number Answered
Your Score History
You have not taken this quiz